000 00512nmm a2200157Ia 4500
008 251105s9999||||xx |||||||||||||||||und||
020 _a9788412394856
041 _aspa
100 _aSalvan, Maria
245 0 _aMi razón de amarte. ¿Se puede vivir sin miedo?
264 _a[Madrid, España] :
_bEdiciones Arcanas,
_c[Fecha de publicación no identificada]
300 _a0 páginas
650 _aSelf-help and personal development
856 _uhttps://public.digitaliapublishing.com/a/119707
942 _cCF
999 _c76234
_d76234